000
00279nam a2200097Ia 4500
001
1146974
005
20250827010301.0
008
250824s9999 xx 000 0 und d
245
0
_a
FAZİLETİN GÜNLÜĞÜ
_c
FUNDA ÖZSOY ERDOĞAN
260
_b
MİLLİ EĞİTİM BAKANLIĞI YAYINLARI
999
_c
1146974
_d
1146974